Movies Missing 10-Letter Words Quiz Stats

 Plays Quiz Updated May 22, 2016

Challenge
Share
Tweet
Embed
Score 0/40 Timer 06:00
1 Play Today
Title Missing % Correct
Alice in ___Wonderland
94.6%
Close ___ of the Third KindEncounters
94.1%
Mission: ___Impossible
93.3%
___ ListSchindler's
90.4%
Fatal ___Attraction
90.3%
A.I.: ___ IntelligenceArtificial
89.6%
Terms of ___Endearment
88.3%
Anger ___Management
86.5%
___ 2: Judgment DayTerminator
83.9%
Rules of ___Engagement
81.4%
One Hundred and One ___Dalmatians
81.1%
The French ___Connection
79%
___: Escape 2 AfricaMadagascar
78.4%
My Super Ex-___Girlfriend
77.9%
The Lord of the Rings: The ___ of the RingFellowship
77.9%
The Sorcerer's ___Apprentice
77.6%
Mr. Smith Goes to ___Washington
76%
Erin ___Brockovich
74.4%
The ___ CandidateManchurian
74.3%
The Perks of Being a ___Wallflower
73.2%
Title Missing % Correct
The ___ of the Traveling PantsSisterhood
73.1%
___ ActivityParanormal
68.5%
___ NowApocalypse
67.1%
The ___ of Being EarnestImportance
66.2%
The ___ of RiddickChronicles
63.7%
The Last ___ of ChristTemptation
62.3%
The Royal ___Tenenbaums
61.1%
Extremely Loud & ___ CloseIncredibly
59.1%
All the ___ MenPresident's
58.8%
Austin Powers in ___Goldmember
58.1%
The ___ of Robin HoodAdventures
57.7%
Bridge to ___Terabithia
55.2%
My Darling ___Clementine
55.1%
The ___ TouristAccidental
55.1%
Harold & Kumar Escape from ___ BayGuantanamo
54.7%
Love Is a Many-___ ThingSplendored
49.1%
Ever After: A ___ StoryCinderella
40.2%
The ___ Burt WonderstoneIncredible
37.3%
___ PotemkinBattleship
36.4%
___ Dr.Mulholland
24%

You're not logged in!

Compare scores with friends on all Sporcle quizzes.
OR
Log In

You Might Also Like...

Show Comments

Extras

Top Quizzes Today


Score Distribution

Your Account Isn't Verified!

In order to create a playlist on Sporcle, you need to verify the email address you used during registration. Go to your Sporcle Settings to finish the process.

Report this User

Report this user for behavior that violates our Community Guidelines.

Details: